000 00642nam a2200205 i 4500
001 71869
003 ES-MaACL
005 20240501063036.0
007 t|
008 040819s1946 ag ||||1| spa d
100 1 _aGide, André,
_d1869-1951
_956674
245 1 4 _aLas cuevas del Vaticano /
_cpor André Gide ; [traducción de Adrián Castillo].
260 _aBuenos Aires :
_bArgonauta,
_c[1946] (
_fDidot)
300 _a210 p. ;
_c19 cm.
490 1 _aBiblioteca moderna
700 1 _aCastillo, Adrián.
_936668
830 0 _aBiblioteca moderna
_9183640
852 _aES-MaACL
_jD-5673
_bR.29414
999 _c71869
_d71869